| 000 | 00875nam a2200217 i 4500 | ||
|---|---|---|---|
| 001 | 167738 | ||
| 003 | ES-MaACL | ||
| 005 | 20230906213603.0 | ||
| 008 | 990511s1888 sp |||| | spa d | ||
| 040 |
_aCCPB | B _bspa _cCCPb | B |
||
| 245 | 0 | 0 |
_aLegislación foral de España _b: derecho civil vigente en Vizcaya precedido de la memoria sobre las instituciones civiles de aquel país precedido de la memoria sobre las instituciones civiles de aquel pais / _cpor Manuel de Lecanda. |
| 260 |
_aMadrid : _b[s. n.], _c1888 ( _fEstablecimiento tipográfico de Pedro Nuñez) |
||
| 300 |
_a272 p. ; _c18 cm. |
||
| 490 | 1 |
_aBiblioteca judicial ; _v52 |
|
| 597 | _aAntep. | ||
| 650 | 4 |
_aFueros- _zVizcaya. _912996 |
|
| 700 | 1 |
_aLecanda, Manuel de. _9165504 |
|
| 830 | 0 |
_aBiblioteca judicial ; _v52 _9181856 |
|
| 852 |
_aES-MaACL _jB-6649 _z-- Enc. pasta |
||
| 999 |
_c167738 _d167738 |
||